000 00214nam a22000857a 4500
008 170306b xxu||||| |||| 00| 0 eng d
100 _93026
_aSawhney.P.
245 _aManual on Science-VII
260 _aNew delhi
_bAPC
_c2010
999 _c6271
_d6271